| 000 | 00528nam a2200169 a 4500 | ||
|---|---|---|---|
| 001 | 000017421 | ||
| 005 | 20200929165116.0 | ||
| 008 | 100324s2009 dr a 000 0 spa d | ||
| 020 | _a9789993442981 | ||
| 040 |
_aDO-SdBNP _bspa _cBNPHU |
||
| 082 |
_axxxx _bS583p |
||
| 100 | 1 |
_aSilia Eduardo, Florencio _938108 |
|
| 245 | 1 | 3 |
_aEl patrimonio cultural tangible de La Vega / _cFlorencio Silia Eduardo. |
| 260 |
_aSanto Domingo : _bEdiciones Ferilibro, _c2009. |
||
| 300 |
_a76 p. : _bil. ; _c23 cm. |
||
| 504 | _aBibliografa : p. 70-72 | ||
| 999 |
_c16946 _d16946 |
||